Effect of surface activation and internal mechanical stress on the diffusion of oxygen atoms in TiNi alloys in electron beam treatment; Physical Mesomechanics; Vol. 14, iss. 1-2
| Parent link: | Physical Mesomechanics: Scientific Journal Vol. 14, iss. 1-2.— 2011.— [P. 94-103] |
|---|---|
| 1. Verfasser: | |
| Weitere Verfasser: | |
| Zusammenfassung: | Title screen The paper studies the nonlinear effect of nonequilibrium surface activation and internal mechanical stress on the diffusion of oxygen atoms from an adsorbed surface layer of TiNi alloys deep into the materials in electron beam treatment. The mathematical model proposed in the paper includes heat, diffusion and kinetic equations with initial and boundary conditions appropriate to pulsed electron beam treatment. The kinetic parameters are estimated, and the spatial and temporal distributions of temperature, concentration and stress are calculated for a wide range of parameters. The heat penetration and diffusion depths are determined; the results obtained with and without regard for activation are compared. Режим доступа: по договору с организацией-держателем ресурса |
| Sprache: | Englisch |
| Veröffentlicht: |
2011
|
| Schlagworte: | |
| Online-Zugang: | http://www.sciencedirect.com/science/article/pii/S1029959911000132 |
| Format: | MixedMaterials Elektronisch Buchkapitel |
| KOHA link: | https://koha.lib.tpu.ru/cgi-bin/koha/opac-detail.pl?biblionumber=637920 |
MARC
| LEADER | 00000naa0a2200000 4500 | ||
|---|---|---|---|
| 001 | 637920 | ||
| 005 | 20250124110122.0 | ||
| 035 | |a (RuTPU)RU\TPU\network\2112 | ||
| 090 | |a 637920 | ||
| 100 | |a 20141113d2011 k||y0rusy50 ba | ||
| 101 | 0 | |a eng | |
| 102 | |a US | ||
| 135 | |a drcn ---uucaa | ||
| 181 | 0 | |a i | |
| 182 | 0 | |a b | |
| 200 | 1 | |a Effect of surface activation and internal mechanical stress on the diffusion of oxygen atoms in TiNi alloys in electron beam treatment |f A. G. Knyazeva, A. V. Tyan | |
| 203 | |a Text |c electronic | ||
| 300 | |a Title screen | ||
| 330 | |a The paper studies the nonlinear effect of nonequilibrium surface activation and internal mechanical stress on the diffusion of oxygen atoms from an adsorbed surface layer of TiNi alloys deep into the materials in electron beam treatment. The mathematical model proposed in the paper includes heat, diffusion and kinetic equations with initial and boundary conditions appropriate to pulsed electron beam treatment. The kinetic parameters are estimated, and the spatial and temporal distributions of temperature, concentration and stress are calculated for a wide range of parameters. The heat penetration and diffusion depths are determined; the results obtained with and without regard for activation are compared. | ||
| 333 | |a Режим доступа: по договору с организацией-держателем ресурса | ||
| 461 | |t Physical Mesomechanics |o Scientific Journal | ||
| 463 | |t Vol. 14, iss. 1-2 |v [P. 94-103] |d 2011 | ||
| 610 | 1 | |a электронный ресурс | |
| 610 | 1 | |a труды учёных ТПУ | |
| 610 | 1 | |a диффузия | |
| 610 | 1 | |a diffusion | |
| 610 | 1 | |a механические напряжения | |
| 610 | 1 | |a деформации | |
| 610 | 1 | |a mechanical stress | |
| 610 | 1 | |a strain | |
| 610 | 1 | |a электронно-лучевая обработка | |
| 610 | 1 | |a electron beams | |
| 610 | 1 | |a численное моделирование | |
| 610 | 1 | |a numerical simulation | |
| 700 | 1 | |a Knyazeva |b A. G. |c Russian physicist |c Professor of Tomsk Polytechnic University, doctor of physico-mathematical Sciences |f 1962- |g Anna Georgievna |3 (RuTPU)RU\TPU\pers\32712 | |
| 701 | 1 | |a Tyan |b A. V. | |
| 801 | 2 | |a RU |b 63413507 |c 20150513 |g RCR | |
| 856 | 4 | |u http://www.sciencedirect.com/science/article/pii/S1029959911000132 | |
| 942 | |c CF | ||